إدارة المبيعات : (رقم التسجيلة. 26980)
[ عرض عادي ]
| 000 -الفاتح | |
|---|---|
| حقل البيانات ثابتة الطول | 00791nam a22002177a 4500 |
| 003 - محدد رقم الضبط | |
| رقم الضبط | OSt |
| 005 - وقت وتاريخ اخر تعامل مع التسجيلة | |
| رقم الضبط | 20150408114111.0 |
| 008 - عناصر البيانات ثابتة الطول - معلومات عامة | |
| حقل البيانات ثابتة الطول | 130124s 2012jo b f |||| 00| 0 are d |
| 040 ## - مصدر الفهرسة | |
| وكالة الفهرسة الأصلية | Ma- un |
| 082 ## - رقم تصنيف ديوى العشرى | |
| رقم الطبعة | 21 |
| رقم التصنيف | 658.8 |
| رقم المادة | ع أ إ |
| 100 ## - المدخل الرئيسى - إسم شخصى | |
| الإسم الشخصى | العسكري، أحمد شاكر |
| 9 (RLIN) | 19707 |
| 245 ## - بيان العنوان | |
| العنوان | إدارة المبيعات : |
| بقية العنوان | مدخل كمي وسلوكي وإداري / |
| بيان المسئوليه,etc | أحمد شاكر العسكري. |
| 250 ## - بيان الطبعة | |
| بيان الطبعة | ط. 1. |
| 260 ## - PUBLICATION, DISTRIBUTION, ETC. (IMPRINT) | |
| مكان الناشر او الموزع | عمان، الأردن : |
| اسم الناشر او الموزع | دار زهران للنشر والتوزيع، |
| تاريخ النشر أو التوزيع | 2012. |
| 300 ## - الوصف المادى | |
| التعداد | 246 ص. ؛ |
| أبعاد الوعاء | 24 سم. |
| 500 ## - تبصرة عامة | |
| تبصرة عامة | قائمة بمصطلحات تسويقية : ص 235-242. |
| 504 ## - تبصرة ببليوجرافية | |
| تبصرة ببليوجرافية,الخ | ببليوجرافية : ص 245-247. |
| 650 ## - المدخل الاضافى بالموضوع-مصطلح موضوعى | |
| 9 (RLIN) | 9702 |
| مصطلح موضوعي أو اسم جغرافي كعنصر مدخل | ادارة المبيعات |
| 650 ## - المدخل الاضافى بالموضوع-مصطلح موضوعى | |
| مصطلح موضوعي أو اسم جغرافي كعنصر مدخل | التسويق |
| 942 ## - عناصر المدخل الإضافي( كوها) | |
| مصدر التصنيف او مخطط الترفيف | Dewey Decimal Classification |
| Koha [default] item type | كتاب |
| حالة الفقد | نموذج السعر الفعال | حالة تلف | ليس للاعارة | رقم الطلب | رقم النسخة | تاريخ الاكتساب | الموقع الحالي | الباركود | الفرع الرئيسي | Date last seen | نوع المادة فى نظام كوها | مصدر التصنيف او خطة الترفيف | Total Checkouts | Date last checked out |
|---|---|---|---|---|---|---|---|---|---|---|---|---|---|---|
| 2013-03-10 | Not For Loan | 658.8 ع أ إ | 1 | 2013-01-24 | المكتبة المركزية بالمجمعة (CL) | 00301230 | المكتبة المركزية بالمجمعة (CL) | 2013-03-10 | كتاب | Dewey Decimal Classification | ||||
| 2013-03-10 | 658.8 ع أ إ | 2 | 2013-01-24 | المكتبة المركزية بالمجمعة (CL) | 00301229 | المكتبة المركزية بالمجمعة (CL) | 2013-03-10 | كتاب | Dewey Decimal Classification | |||||
| 2013-03-10 | 658.8 ع أ إ | 3 | 2013-01-24 | المكتبة المركزية بالمجمعة (CL) | 00301228 | المكتبة المركزية بالمجمعة (CL) | 2013-03-10 | كتاب | Dewey Decimal Classification | |||||
| 2013-03-10 | Not For Loan | 658.8 ع أ إ | 1 | 2013-01-24 | مكتبة كلية العلوم و الدراسات الإنسانية برماح - طالبات (SRF) | 00301225 | مكتبة كلية العلوم و الدراسات الإنسانية برماح - طالبات (SRF) | 2014-11-18 | كتاب | Dewey Decimal Classification | ||||
| 2013-03-10 | 658.8 ع أ إ | 2 | 2013-01-24 | مكتبة كلية العلوم و الدراسات الإنسانية برماح - طالبات (SRF) | 00301224 | مكتبة كلية العلوم و الدراسات الإنسانية برماح - طالبات (SRF) | 2017-10-26 | كتاب | Dewey Decimal Classification | 1 | 2017-10-15 | |||
| 2013-03-10 | Not For Loan | 658.8 ع أ إ | 1 | 2013-01-24 | مكتبة كلية العلوم و الدراسات الإنسانية برماح - طلاب (SRM) | 00301227 | مكتبة كلية العلوم و الدراسات الإنسانية برماح - طلاب (SRM) | 2013-03-10 | كتاب | Dewey Decimal Classification | ||||
| 2013-03-10 | 658.8 ع أ إ | 2 | 2013-01-24 | مكتبة كلية العلوم و الدراسات الإنسانية برماح - طلاب (SRM) | 00301226 | مكتبة كلية العلوم و الدراسات الإنسانية برماح - طلاب (SRM) | 2013-03-10 | كتاب | Dewey Decimal Classification | |||||
| 2013-03-10 | Not For Loan | 658.8 ع أ إ | 1 | 2013-01-24 | مكتبة مجمع الطالبات بالمجمعة (EMF) | 00301223 | مكتبة مجمع الطالبات بالمجمعة (EMF) | 2013-03-10 | كتاب | Dewey Decimal Classification | ||||
| 2013-03-10 | 658.8 ع أ إ | 2 | 2013-01-24 | مكتبة مجمع الطالبات بالمجمعة (EMF) | 00301222 | مكتبة مجمع الطالبات بالمجمعة (EMF) | 2013-03-10 | كتاب | Dewey Decimal Classification |
